Sports Quiz

Random Sports Quiz

Phillies Playoff Appearances Quiz Stats

 Plays Quiz not verified by Sporcle

Score 0/9 Timer 05:00
0 Plays Today
name the phillies playoff opponents % Correct
2009 World Series (loss)New York Yankees
96.6%
2008 World Series (win)Tampa Bay Rays
95.7%
2008 NLCS (win)Los Angeles Dodgers
94.9%
2009 NLCS (win)Los Angeles Dodgers
93.2%
2010 NLDS (win)Cincinnati Reds
93.2%
2010 NLCSSan Francisco Giants
93.2%
2007 NLDS (loss)Colorado Rockies
91.5%
2009 NLDS (win)Colorado Rockies
86.3%
2008 NLDS (win)Milwaukee Brewers
83.8%

You're not logged in!

Compare scores with friends on all Sporcle quizzes.
OR
Log In

Show Comments

Extras

Created Oct 13, 2010ReportNominate
Tags:Philadelphia Phillies

Top Quizzes Today


Score Distribution

Your Account Isn't Verified!

In order to create a playlist on Sporcle, you need to verify the email address you used during registration. Go to your Sporcle Settings to finish the process.

Report this User

Report this user for behavior that violates our Community Guidelines.

Details: